[Event "GER-chT Seniors 20th"]
[Site "Gladenbach"]
[Date "2011.09.16"]
[Round "6.3"]
[White "Csulits, Anton"]
[Black "Engelbert, Christoph"]
[Result "0-1"]
[WhiteElo "2055"]
[BlackElo "2115"]
[PlyCount "74"]
[EventDate "2011.09.11"]
[EventType "team-swiss"]
[EventRounds "7"]
[EventCountry "GER"]
[SourceTitle "CBM 144 Extra"]
[Source "ChessBase"]
[SourceDate "2011.10.28"]
[SourceVersion "1"]
[SourceVersionDate "2011.10.28"]
[SourceQuality "1"]
[WhiteTeam "Sachsen Anhalt"]
[BlackTeam "Hamburg"]
[WhiteTeamCountry "GER"]
[BlackTeamCountry "GER"]

1. d4 g6 2. e4 Bg7 3. Nc3 d6 4. Bg5 a6 5. Qd2 b5 6. a3 Nd7 7. Nf3 c5 8. Be2 Ngf6 9. e5 cxd4 10. Qxd4 dxe5 11. Nxe5 Bb7 12. Bf3 Bxf3 13. Nxf3 0-0 14. Rd1 Qc7 15. 0-0 Rac8 16. Qb4 Nb6 17. Rfe1 e6 18. Qa5 Qb7 19. Rd6 Nc4 20. Qxa6 Nxd6 21. Qxd6 Rfd8 22. Qb4 Rc4 23. Qxb5 Qxb5 24. Nxb5 Rxc2 25. b4 Rd3 26. Nbd4 Ra2 27. b5 Nd7 28. Rc1 Bxd4 29. Nxd4 Rxd4 30. Bh6 Rc2 31. Re1 Rc3 32. Be3 Ra4 33. Rd1 Rcxa3 34. g3 Ra1 35. Bc1 Rc4 36. Rxd7 Raxc1+ 37. Kg2 Rb1 0-1

[Event "GER-chT Seniors 20th"]
[Site "Gladenbach"]
[Date "2011.09.12"]
[Round "2.3"]
[White "Csulits, Anton"]
[Black "Thormann, Wolfgang"]
[Result "1/2-1/2"]
[WhiteElo "2055"]
[BlackElo "2211"]
[PlyCount "20"]
[EventDate "2011.09.11"]
[EventType "team-swiss"]
[EventRounds "7"]
[EventCountry "GER"]
[SourceTitle "CBM 144 Extra"]
[Source "ChessBase"]
[SourceDate "2011.10.28"]
[SourceVersion "1"]
[SourceVersionDate "2011.10.28"]
[SourceQuality "1"]
[WhiteTeam "Sachsen Anhalt"]
[BlackTeam "Berlin"]
[WhiteTeamCountry "GER"]
[BlackTeamCountry "GER"]

1. d4 Nf6 2. Nf3 d5 3. g3 c6 4. Bg2 Bf5 5. h3 Nbd7 6. g4 Be4 7. Nbd2 e6 8. g5 Bxf3 9. Bxf3 Ng8 10. h4 Qb6 1/2-1/2

[Event "Niedersachsen-ch Seniors op 14th"]
[Site "Bad Bevensen"]
[Date "2011.07.12"]
[Round "8"]
[White "Romanow, Werner"]
[Black "Csulits, Anton"]
[Result "1-0"]
[WhiteElo "1956"]
[BlackElo "2051"]
[PlyCount "65"]
[EventDate "2011.07.05"]
[EventType "swiss"]
[EventRounds "9"]
[EventCountry "GER"]
[SourceTitle "EXT 2012"]
[Source "ChessBase"]
[SourceDate "2011.11.24"]
[SourceVersion "1"]
[SourceVersionDate "2011.11.24"]
[SourceQuality "1"]

1. c4 e5 2. Nc3 Nf6 3. Nf3 Nc6 4. g3 h6 5. Bg2 Bb4 6. Qc2 0-0 7. 0-0 Re8 8. d3 Bxc3 9. Qxc3 d5 10. cxd5 Nxd5 11. Qc5 Be6 12. Bd2 Qe7 13. Qxe7 Rxe7 14. a3 f6 15. Rfe1 Bf7 16. Rac1 Rae8 17. Nh4 Nd4 18. Bc3 Kf8 19. Bxd5 Bxd5 20. Bxd4 exd4 21. Nf5 Kf7 22. Nxe7 Kxe7 23. e4 Be6 24. f4 Bg4 25. Kg2 Rd8 26. Rc4 Rd7 27. e5 Kf8 28. Re4 Bf5 29. Rexd4 Re7 30. Kf2 Be6 31. exf6 gxf6 32. Rc1 c6 33. Kf3 1-0

[Event "Niedersachsen-ch Seniors op 14th"]
[Site "Bad Bevensen"]
[Date "2011.07.11"]
[Round "7"]
[White "Csulits, Anton"]
[Black "Francke, Joerg"]
[Result "1-0"]
[WhiteElo "2051"]
[BlackElo "1846"]
[PlyCount "149"]
[EventDate "2011.07.05"]
[EventType "swiss"]
[EventRounds "9"]
[EventCountry "GER"]
[SourceTitle "EXT 2012"]
[Source "ChessBase"]
[SourceDate "2011.11.24"]
[SourceVersion "1"]
[SourceVersionDate "2011.11.24"]
[SourceQuality "1"]

1. d4 d5 2. Nf3 Nf6 3. g3 e6 4. Bg2 Nbd7 5. 0-0 Be7 6. c4 0-0 7. Nc3 h6 8. cxd5 exd5 9. Bf4 c6 10. Qc2 Re8 11. Nb5 Nf8 12. Nc7 Ne6 13. Nxe8 Nxe8 14. Bd2 Nf6 15. Bc3 Bd7 16. Ne5 Be8 17. Rfd1 a5 18. Qb3 Qb8 19. a4 Ra6 20. e3 Qa7 21. Bf1 Rb6 22. Qc2 Bb4 23. Bxb4 Rxb4 24. Nd3 Rb6 25. Nc5 Rb4 26. Nxe6 fxe6 27. b3 Qb6 28. Rab1 Qc7 29. Bg2 e5 30. dxe5 Qxe5 31. Rd4 Rxd4 32. exd4 Qxd4 33. Rd1 Qb4 34. Qd3 Bh5 35. f3 Kf7 36. Rc1 Bg6 37. Qc3 Qb6+ 38. Kh1 Bf5 39. Qc5 Qc7 40. g4 Be6 41. h3 Nd7 42. Qc3 c5 43. f4 d4 44. Qxd4 Bxb3 45. Bd5+ Bxd5+ 46. Qxd5+ Kf8 47. Kg2 Qc6 48. Qxc6 bxc6 49. Kf3 Ke7 50. Re1+ Kf7 51. f5 Nb6 52. Re6 Nd7 53. Ke3 Nb6 54. Rxc6 Nxa4 55. Kd3 c4+ 56. Kxc4 Nb2+ 57. Kb3 Nd1 58. Ka4 Nf2 59. Rc3 Ne4 60. Re3 Nd6 61. Re6 Ne8 62. Kxa5 Nf6 63. Ra6 Nd5 64. Rd6 Nf4 65. h4 Ng2 66. g5 Nxh4 67. Rd7+ Kf8 68. g6 Nf3 69. Rf7+ Kg8 70. Kb5 h5 71. Kc5 Ng5 72. Rc7 Kf8 73. Kd6 Ne4+ 74. Ke5 Ng5 75. Rc3 1-0

[Event "Niedersachsen-ch Seniors op 14th"]
[Site "Bad Bevensen"]
[Date "2011.07.08"]
[Round "4"]
[White "Huhn, Ulrich"]
[Black "Csulits, Anton"]
[Result "1-0"]
[WhiteElo "1830"]
[BlackElo "2051"]
[PlyCount "78"]
[EventDate "2011.07.05"]
[EventType "swiss"]
[EventRounds "9"]
[EventCountry "GER"]
[SourceTitle "EXT 2012"]
[Source "ChessBase"]
[SourceDate "2011.11.24"]
[SourceVersion "1"]
[SourceVersionDate "2011.11.24"]
[SourceQuality "1"]

1. d4 Nf6 2. Nc3 g6 3. Bg5 Bg7 4. e4 d6 5. Nf3 h6 6. Bh4 g5 7. Bg3 Nh5 8. Bc4 Bg4 9. Bxf7+ Kxf7 10. Nxg5+ hxg5 11. Qxg4 Bxd4 12. 0-0-0 Bxc3 13. bxc3 e6 14. h4 Nxg3 15. fxg3 Qg8 16. Rhf1+ Ke7 17. hxg5 Nd7 18. g6 Nf6 19. Rxf6 Kxf6 20. Rf1+ Ke7 21. Rf7+ Qxf7 22. gxf7 Kxf7 23. e5 dxe5 24. Qg5 Rh1+ 25. Kb2 Re1 26. Qd2 Rf1 27. Qd7+ Kf6 28. Qxc7 Rh8 29. Qxb7 Rhh1 30. Qxa7 e4 31. Qe3 Re1 32. Qf4+ Ke7 33. a4 Rhf1 34. Qe5 e3 35. Qg7+ Rf7 36. Qg5+ Kd6 37. c4 Rf5 38. Qd8+ Ke5 39. Qc7+ Ke4 1-0

[Event "Niedersachsen-ch Seniors op 14th"]
[Site "Bad Bevensen"]
[Date "2011.07.05"]
[Round "1"]
[White "Csulits, Anton"]
[Black "Fischer, Paul"]
[Result "1/2-1/2"]
[WhiteElo "2051"]
[BlackElo "1670"]
[PlyCount "38"]
[EventDate "2011.07.05"]
[EventType "swiss"]
[EventRounds "9"]
[EventCountry "GER"]
[SourceTitle "EXT 2012"]
[Source "ChessBase"]
[SourceDate "2011.11.24"]
[SourceVersion "1"]
[SourceVersionDate "2011.11.24"]
[SourceQuality "1"]

1. d4 e6 2. Nf3 Nf6 3. g3 b6 4. Bg2 Bb7 5. 0-0 d5 6. Ne5 Be7 7. c4 0-0 8. Nc3 c6 9. e4 dxc4 10. Nxc4 Nbd7 11. e5 Nd5 12. Ne4 Ba6 13. b3 Qc7 14. Bb2 Rad8 15. Re1 c5 16. Rc1 Qb8 17. Bf1 cxd4 18. Qxd4 Nc5 19. Nxc5 bxc5 1/2-1/2

[Event "Oberliga Ost-A 1011"]
[Site "Germany"]
[Date "2011.04.09"]
[Round "10.3"]
[White "Csulits, Anton"]
[Black "Schweitzer, Andreas"]
[Result "1/2-1/2"]
[WhiteElo "2226"]
[BlackElo "2242"]
[PlyCount "62"]
[EventDate "2010.10.24"]
[EventType "team-tourn"]
[EventRounds "11"]
[EventCountry "GER"]
[SourceTitle "EXT 2012"]
[Source "ChessBase"]
[SourceDate "2011.11.24"]
[SourceVersion "1"]
[SourceVersionDate "2011.11.24"]
[SourceQuality "1"]
[WhiteTeam "Halle USV II"]
[BlackTeam "Coswig"]
[WhiteTeamCountry "GER"]
[BlackTeamCountry "GER"]

1. d4 d5 2. Nf3 Nf6 3. g3 e6 4. Bg2 b5 5. a4 b4 6. c4 Bb7 7. Ne5 c5 8. 0-0 Nbd7 9. a5 Rc8 10. cxd5 Bxd5 11. Bxd5 Nxd5 12. e4 N5f6 13. Qa4 Nxe4 14. d5 Bd6 15. dxe6 fxe6 16. Nc4 0-0 17. f3 Ne5 18. Qb3 Qf6 19. Kg2 Bb8 20. Nbd2 Nxd2 21. Bxd2 Rcd8 22. Be3 Rd3 23. Qc2 b3 24. Qe2 Rfd8 25. Rac1 Nxc4 26. Rxc4 Be5 27. Bc1 Bxb2 28. Bxb2 Rd2 29. Bxf6 Rxe2+ 30. Rf2 Rxf2+ 31. Kxf2 gxf6 1/2-1/2

[Event "Oberliga Ost-A 1011"]
[Site "Germany"]
[Date "2011.02.05"]
[Round "6.3"]
[White "Csulits, Anton"]
[Black "Schindler, Christian"]
[Result "1/2-1/2"]
[WhiteElo "2226"]
[BlackElo "2183"]
[PlyCount "66"]
[EventDate "2010.10.24"]
[EventType "team-tourn"]
[EventRounds "11"]
[EventCountry "GER"]
[SourceTitle "EXT 2012"]
[Source "ChessBase"]
[SourceDate "2011.11.24"]
[SourceVersion "1"]
[SourceVersionDate "2011.11.24"]
[SourceQuality "1"]
[WhiteTeam "Halle USV II"]
[BlackTeam "Loeberitz"]
[WhiteTeamCountry "GER"]
[BlackTeamCountry "GER"]

1. d4 Nf6 2. Nf3 d5 3. g3 Bf5 4. Bg2 e6 5. 0-0 Be7 6. c4 c6 7. Nc3 Nbd7 8. Ne5 Nxe5 9. dxe5 Ne4 10. Nxe4 Bxe4 11. Bxe4 dxe4 12. Qc2 Qd4 13. Bf4 e3 14. Bxe3 Qxe5 15. Rad1 Bc5 16. Bf4 Qf6 17. Bd6 Bxd6 18. Rxd6 Rd8 19. Rfd1 Rxd6 20. Rxd6 Qe7 21. c5 Qc7 22. Qc3 0-0 23. Qd2 h6 24. Rd7 Qe5 25. Rxb7 Qxc5 26. Rd7 a5 27. Kg2 Qb6 28. Qd4 c5 29. Qd2 a4 30. Rd6 Qb7+ 31. f3 Rb8 32. Rd8+ Rxd8 33. Qxd8+ Kh7 1/2-1/2

[Event "GER-chT Seniors 19th"]
[Site "Eckernfoerde"]
[Date "2010.09.16"]
[Round "4.4"]
[White "Csulits, Anton"]
[Black "Glatthor, Thomas"]
[Result "1-0"]
[WhiteElo "2152"]
[BlackElo "1936"]
[PlyCount "107"]
[EventDate "2010.09.13"]
[EventType "team-swiss"]
[EventRounds "7"]
[EventCountry "GER"]
[SourceTitle "EXT 2011"]
[Source "ChessBase"]
[SourceDate "2010.11.26"]
[SourceVersion "1"]
[SourceVersionDate "2010.11.26"]
[SourceQuality "1"]
[WhiteTeam "Sachsen Anhalt"]
[BlackTeam "Berlin II"]
[WhiteTeamCountry "GER"]
[BlackTeamCountry "GER"]

1. d4 Nf6 2. Nf3 g6 3. g3 Bg7 4. Bg2 d6 5. 0-0 0-0 6. c4 c6 7. Nc3 Nbd7 8. e4 e5 9. h3 h6 10. Be3 Kh7 11. Qe2 Re8 12. Rad1 Qe7 13. d5 c5 14. Ne1 Nh5 15. Nd3 Nb6 16. b3 Bd7 17. Nb5 Rf8 18. a4 Nc8 19. b4 b6 20. Rb1 a6 21. Nc3 Qe8 22. bxc5 bxc5 23. a5 f5 24. exf5 gxf5 25. g4 Nf4 26. Bxf4 exf4 27. Qc2 fxg4 28. Nxf4+ Kg8 29. Ne6 gxh3 30. Be4 Bxe6 31. dxe6 Ra7 32. f4 Qh5 33. Nd5 Qg4+ 34. Kh1 Qxe6 35. f5 Qe5 36. Rbe1 Raf7 37. Bd3 Qb2 38. Qxb2 Bxb2 39. Re6 Bf6 40. Rg1+ Kh8 41. Rg6 Bg5 42. Kh2 Rg8 43. Kxh3 Rxg6 44. Rxg6 Ne7 45. Rxd6 Nxf5 46. Bxf5 Rxf5 47. Kg4 Re5 48. Rxa6 Bd2 49. Ra8+ Kg7 50. a6 Re4+ 51. Kf5 Rxc4 52. Ra7+ Kf8 53. Rh7 Ra4 54. a7 1-0

[Event "EU-chT Seniors 12th"]
[Site "Dresden"]
[Date "2010.02.14"]
[Round "5"]
[White "Lindner, Jan Joost"]
[Black "Csulits, Anton"]
[Result "1/2-1/2"]
[WhiteElo "2174"]
[BlackElo "2222"]
[PlyCount "33"]
[EventDate "2010.02.10"]
[EventType "team-swiss"]
[EventRounds "9"]
[EventCountry "GER"]
[SourceTitle "CBM 134 Extra"]
[Source "ChessBase"]
[SourceDate "2010.03.03"]
[SourceVersion "1"]
[SourceVersionDate "2010.03.03"]
[SourceQuality "1"]
[WhiteTeam "Den Haag (Seniors)"]
[BlackTeam "Sachsen Anhalt Seniors"]
[WhiteTeamCountry "NED"]
[BlackTeamCountry "GER"]

1. c4 Nf6 2. Nc3 d6 3. g3 g6 4. Bg2 Bg7 5. e4 0-0 6. Nge2 e5 7. 0-0 Nc6 8. d3 Nd4 9. f4 Bg4 10. h3 Bxe2 11. Nxe2 Nxe2+ 12. Qxe2 Nh5 13. Qf3 Bh6 14. Be3 Qf6 15. b3 b6 16. Rad1 Rae8 17. Kh2 1/2-1/2

[Event "EU-chT Seniors 12th"]
[Site "Dresden"]
[Date "2010.02.13"]
[Round "4"]
[White "Csulits, Anton"]
[Black "Lederman, Leon S"]
[Result "1-0"]
[WhiteElo "2222"]
[BlackElo "2291"]
[PlyCount "105"]
[EventDate "2010.02.10"]
[EventType "team-swiss"]
[EventRounds "9"]
[EventCountry "GER"]
[SourceTitle "CBM 134 Extra"]
[Source "ChessBase"]
[SourceDate "2010.03.03"]
[SourceVersion "1"]
[SourceVersionDate "2010.03.03"]
[SourceQuality "1"]
[WhiteTeam "Sachsen Anhalt Seniors"]
[BlackTeam "Israel (Seniors)"]
[WhiteTeamCountry "GER"]
[BlackTeamCountry "ISR"]

1. d4 d5 2. Nf3 Nf6 3. g3 c6 4. Bg2 Bf5 5. 0-0 h6 6. c4 e6 7. Nc3 Be7 8. Ne5 Nbd7 9. f4 0-0 10. e3 Qc7 11. cxd5 cxd5 12. Bd2 Rac8 13. g4 Bh7 14. g5 hxg5 15. fxg5 Ne8 16. g6 Bxg6 17. Nxg6 fxg6 18. Qg4 Qd6 19. Rxf8+ Bxf8 20. Bh3 Nc7 21. Qxg6 Be7 22. e4 dxe4 23. Be3 Nf8 24. Qxe4 b5 25. Rf1 b4 26. Ne2 Qd5 27. Qg4 Ne8 28. Nf4 Qe4 29. Qf3 Qxf3 30. Rxf3 Rc6 31. d5 exd5 32. Nxd5 Bf6 33. Rxf6 Rxf6 34. Nxf6+ Nxf6 35. Bxa7 N8d7 36. Bd4 Kf7 37. a4 bxa3 38. bxa3 Nb8 39. a4 Ke7 40. a5 Kd6 41. Bf1 Nc6 42. a6 Ne8 43. a7 Nc7 44. Bf2 Na8 45. h4 Nc7 46. Bg3+ Ke6 47. Bxc7 Nxa7 48. Kh2 Nc6 49. Kg3 Ne7 50. Kg4 Kf7 51. Bc4+ Kg6 52. Bd6 Kf6 53. Bxe7+ 1-0

[Event "GER-chT Seniors 18th"]
[Site "Finsterbergen"]
[Date "2009.09.16"]
[Round "5"]
[White "Csulits, Anton"]
[Black "Rosen, Willy"]
[Result "1-0"]
[WhiteElo "2193"]
[BlackElo "2302"]
[PlyCount "57"]
[EventDate "2009.09.12"]
[EventType "team-swiss"]
[EventRounds "7"]
[EventCountry "GER"]
[SourceTitle "CBM 132 Extra"]
[Source "ChessBase"]
[SourceDate "2009.11.03"]
[SourceVersion "1"]
[SourceVersionDate "2009.11.03"]
[SourceQuality "1"]

1. d4 Nf6 2. Nf3 e6 3. g3 b6 4. Bg2 Bb7 5. 0-0 Be7 6. c4 0-0 7. d5 exd5 8. Nh4 c6 9. cxd5 Nxd5 10. Nf5 Nc7 11. Nc3 d5 12. e4 Bf6 13. exd5 cxd5 14. Be3 Nba6 15. Qg4 Nc5 16. Rfd1 g6 17. Bf4 N5e6 18. Bh6 Ng7 19. Ne3 Rc8 20. Nexd5 Nxd5 21. Bxd5 Bxd5 22. Rxd5 Qc7 23. Rd7 Qc4 24. Nd5 Bxb2 25. Qd1 Rfe8 26. Rb1 Bc3 27. Rc1 Qe2 28. Qxe2 Rxe2 29. Rxc3 1-0

[Event "GER-chT Seniors 18th"]
[Site "Finsterbergen"]
[Date "2009.09.14"]
[Round "4"]
[White "Brameyer, Hermann"]
[Black "Csulits, Anton"]
[Result "1/2-1/2"]
[WhiteElo "2231"]
[BlackElo "2193"]
[PlyCount "28"]
[EventDate "2009.09.12"]
[EventType "team-swiss"]
[EventRounds "7"]
[EventCountry "GER"]
[SourceTitle "CBM 132 Extra"]
[Source "ChessBase"]
[SourceDate "2009.11.03"]
[SourceVersion "1"]
[SourceVersionDate "2009.11.03"]
[SourceQuality "1"]

1. d4 d5 2. c4 e6 3. Nf3 Be7 4. g3 c6 5. Nbd2 f5 6. Bg2 Nf6 7. 0-0 0-0 8. Qc2 Ne4 9. Rb1 Nd7 10. b4 Nxd2 11. Bxd2 Nb6 12. Ne5 Bf6 13. c5 Bxe5 14. dxe5 Nc4 1/2-1/2

[Event "GER-chT Seniors 18th"]
[Site "Finsterbergen"]
[Date "2009.09.14"]
[Round "3"]
[White "Csulits, Anton"]
[Black "Villing, Dieter"]
[Result "1-0"]
[WhiteElo "2193"]
[BlackElo "2223"]
[PlyCount "70"]
[EventDate "2009.09.12"]
[EventType "team-swiss"]
[EventRounds "7"]
[EventCountry "GER"]
[SourceTitle "CBM 132 Extra"]
[Source "ChessBase"]
[SourceDate "2009.11.03"]
[SourceVersion "1"]
[SourceVersionDate "2009.11.03"]
[SourceQuality "1"]

1. d4 d6 2. c4 e5 3. dxe5 dxe5 4. Qxd8+ Kxd8 5. Nf3 f6 6. a3 a5 7. Nc3 c6 8. Na4 Nd7 9. Be3 Kc7 10. Nd2 Ne7 11. g4 h5 12. f3 hxg4 13. fxg4 f5 14. gxf5 Nxf5 15. Bf2 Nd4 16. Rc1 Be7 17. Rc3 Nf6 18. Nf3 Ne4 19. Nxe5 Nxf2 20. Kxf2 Bh4+ 21. Kg1 Bf5 22. Nf3 Bf6 23. Rc1 Rad8 24. Kf2 Rhe8 25. Rg1 Nxf3 26. Kxf3 Bd4 27. Rg3 Be5 28. Rg1 Bxh2 29. Rxg7+ Kb8 30. Nc5 Bc7 31. e4 Bc8 32. Nd3 Rf8+ 33. Ke3 Rh8 34. Bg2 Rdg8 35. Rxg8 Rxg8 1-0

[Event "GER-chT Seniors 17th"]
[Site "Berlin"]
[Date "2008.09.04"]
[Round "5"]
[White "Oechslein, Rainer"]
[Black "Csulits, Anton"]
[Result "1/2-1/2"]
[WhiteElo "2246"]
[BlackElo "2219"]
[PlyCount "54"]
[EventDate "2008.08.31"]
[EventType "team-swiss"]
[EventRounds "7"]
[EventCountry "GER"]
[SourceTitle "CBM 126 Extra"]
[Source "ChessBase"]
[SourceDate "2008.11.05"]
[SourceVersion "1"]
[SourceVersionDate "2008.11.05"]
[SourceQuality "1"]

1. d4 Nf6 2. c4 g6 3. Nc3 Bg7 4. e4 d6 5. Be2 0-0 6. Be3 c5 7. dxc5 Qa5 8. Bd2 Qxc5 9. Nf3 Bg4 10. Rc1 Nbd7 11. 0-0 a6 12. Be3 Qa5 13. Nd4 Bxe2 14. Qxe2 Rfc8 15. f3 Ne5 16. b3 Nc6 17. Rfd1 Nd7 18. Qd2 Nxd4 19. Bxd4 Bxd4+ 20. Qxd4 Qb6 21. Qxb6 Nxb6 22. Kf2 Kf8 23. Ke3 Nd7 24. Nd5 e6 25. Nb4 Ke7 26. Rc2 a5 27. Nd3 Nc5 1/2-1/2

[Event "GER-chT Seniors 17th"]
[Site "Berlin"]
[Date "2008.09.03"]
[Round "4"]
[White "Csulits, Anton"]
[Black "Seeck, Klaus"]
[Result "1/2-1/2"]
[WhiteElo "2219"]
[BlackElo "2150"]
[PlyCount "48"]
[EventDate "2008.08.31"]
[EventType "team-swiss"]
[EventRounds "7"]
[EventCountry "GER"]
[SourceTitle "CBM 126 Extra"]
[Source "ChessBase"]
[SourceDate "2008.11.05"]
[SourceVersion "1"]
[SourceVersionDate "2008.11.05"]
[SourceQuality "1"]

1. d4 Nf6 2. Nf3 e6 3. g3 b6 4. Bg2 Bb7 5. 0-0 Be7 6. c4 d5 7. Ne5 0-0 8. Nc3 Nbd7 9. Qa4 Nxe5 10. dxe5 Ne4 11. Nxe4 dxe4 12. Rd1 Qe8 13. Qc2 Qc6 14. Rd4 Qc5 15. Rd7 Rfd8 16. Be3 Qxe5 17. Bf4 Qf6 18. Rxc7 Rab8 19. Rd1 e5 20. Be3 Bd6 21. Rxb7 Rxb7 22. Bxe4 Rbb8 23. Bxh7+ Kh8 24. Be4 Bc5 1/2-1/2

[Event "Oberliga Ost-A 0708"]
[Site "Germany"]
[Date "2008.03.09"]
[Round "8.7"]
[White "Muekke, Jens Frieder"]
[Black "Csulits, Anton"]
[Result "0-1"]
[WhiteElo "2021"]
[BlackElo "2235"]
[PlyCount "130"]
[EventDate "2007.09.23"]
[EventType "team-tourn"]
[EventRounds "11"]
[EventCountry "GER"]
[SourceTitle "EXT 2009"]
[Source "ChessBase"]
[SourceDate "2008.11.26"]
[SourceVersion "1"]
[SourceVersionDate "2008.11.26"]
[SourceQuality "1"]
[WhiteTeam "Naumburg"]
[BlackTeam "Halle USV"]
[WhiteTeamCountry "GER"]
[BlackTeamCountry "GER"]

1. e4 c5 2. Nc3 Nc6 3. g3 d6 4. Bg2 g6 5. d3 Bg7 6. Be3 e6 7. Qd2 Rb8 8. Nge2 Nd4 9. 0-0 Ne7 10. Bh6 0-0 11. Bxg7 Kxg7 12. Nxd4 cxd4 13. Nb5 Qb6 14. Na3 e5 15. c3 Be6 16. c4 Nc6 17. h4 a6 18. Rab1 Qb4 19. Rfd1 Qxd2 20. Rxd2 b5 21. cxb5 axb5 22. b4 Rfc8 23. Rc2 Na7 24. Rbb2 Rxc2 25. Rxc2 Rc8 26. Rxc8 Bxc8 27. Nc2 Be6 28. a3 Nc8 29. Kf1 Nb6 30. Ke1 Na4 31. Kd2 Nc3 32. Bf3 Bb3 33. Na1 Ba4 34. Nc2 f5 35. g4 fxg4 36. Bxg4 h5 37. Bf3 Bxc2 38. Kxc2 Kh6 39. Kd2 g5 40. hxg5+ Kxg5 41. Bg2 Kg4 42. Ke1 h4 43. Kd2 h3 44. Bh1 Kf4 45. Ke1 Na4 46. Kd2 Nb6 47. Kc2 Kg5 48. Kd2 Na4 49. Ke2 Nc3+ 50. Kd2 Kf6 51. Ke1 Ke7 52. Kd2 Kd8 53. Ke1 Nb1 54. Kd1 Kc7 55. Kc2 Nc3 56. Kd2 Kb6 57. Bf3 Nb1+ 58. Kc2 Nxa3+ 59. Kb2 Nc4+ 60. Kc2 Kc6 61. dxc4 bxc4 62. Kb2 Kb5 63. Ka3 h2 64. Bg2 d3 65. Kb2 Kxb4 0-1

[Event "EU-chT Seniors 10th"]
[Site "Dresden"]
[Date "2008.02.17"]
[Round "7.2"]
[White "Schaefer, Guenter"]
[Black "Csulits, Anton"]
[Result "1-0"]
[WhiteElo "1984"]
[BlackElo "2222"]
[PlyCount "109"]
[EventDate "2008.02.11"]
[EventType "team-swiss"]
[EventRounds "9"]
[EventCountry "GER"]
[SourceTitle "CBM 122 Extra"]
[Source "ChessBase"]
[SourceDate "2008.03.04"]
[SourceVersion "1"]
[SourceVersionDate "2008.03.04"]
[SourceQuality "1"]
[WhiteTeam "Bahn Sozialwerk"]
[BlackTeam "Sachsen Anhalt"]
[WhiteTeamCountry "GER"]
[BlackTeamCountry "GER"]

1. e4 c5 2. Nf3 e6 3. d3 Nc6 4. g3 d6 5. Bg2 g6 6. Bg5 Qb6 7. Nbd2 Bg7 8. Nc4 Qc7 9. a4 Nge7 10. c3 b6 11. 0-0 Rb8 12. Re1 a6 13. Rc1 b5 14. axb5 axb5 15. Ncd2 h6 16. Be3 0-0 17. d4 c4 18. Nf1 Na5 19. h4 Nb3 20. Rb1 Bb7 21. N1d2 Na5 22. Qe2 Bc6 23. Nh2 e5 24. f4 Kh7 25. h5 Bd7 26. Ndf3 f6 27. hxg6+ Nxg6 28. f5 Nh8 29. Kf2 Nf7 30. Rh1 d5 31. Nh4 dxe4 32. Bxe4 exd4 33. cxd4 Nd6 34. Bc2 Bc6 35. Qg4 Bxh1 36. Rxh1 Qf7 37. Bf4 Rbd8 38. N2f3 Rfe8 39. Ne5 fxe5 40. f6+ e4 41. fxg7 Kg8 42. Kg2 Nc6 43. Bxd6 Rxd6 44. Nf5 Rg6 45. Rxh6 Rxg7 46. Qxg7+ Qxg7 47. Nxg7 Rc8 48. Ne6 Ra8 49. Bxe4 Ra2 50. Bxc6 Rxb2+ 51. Kf3 c3 52. Ke3 b4 53. Rf6 b3 54. Rf8+ Kh7 55. Be4+ 1-0

[Event "EU-chT Seniors 10th"]
[Site "Dresden"]
[Date "2008.02.13"]
[Round "3.2"]
[White "Oud, Niek"]
[Black "Csulits, Anton"]
[Result "0-1"]
[WhiteElo "2023"]
[BlackElo "2222"]
[PlyCount "72"]
[EventDate "2008.02.11"]
[EventType "team-swiss"]
[EventRounds "9"]
[EventCountry "GER"]
[SourceTitle "CBM 122 Extra"]
[Source "ChessBase"]
[SourceDate "2008.03.04"]
[SourceVersion "1"]
[SourceVersionDate "2008.03.04"]
[SourceQuality "1"]
[WhiteTeam "DD Oranjeteam II"]
[BlackTeam "Sachsen Anhalt"]
[WhiteTeamCountry "NED"]
[BlackTeamCountry "GER"]

1. d4 Nf6 2. c4 g6 3. Nc3 Bg7 4. e4 d6 5. Be2 0-0 6. Nf3 Bg4 7. Be3 Nc6 8. Qd2 Bxf3 9. Bxf3 e5 10. d5 Nd4 11. Bd1 Nd7 12. 0-0 c5 13. dxc6 bxc6 14. f4 f5 15. Bf3 Nb6 16. b3 Qe7 17. Rae1 Rae8 18. exf5 Nxf3+ 19. Rxf3 gxf5 20. Bf2 e4 21. Rg3 Kh8 22. Ree3 Bf6 23. Rh3 Rd8 24. Rh5 d5 25. cxd5 cxd5 26. Reh3 d4 27. Bh4 dxc3 28. Rxh7+ Kg8 29. Qe1 Qxh7 30. Bxf6 Qxh3 31. gxh3 Rxf6 32. Qxc3 Rg6+ 33. Kf2 Rd3 34. Qe5 Nd5 35. Qxf5 Rf3+ 36. Ke1 Rg1+ 0-1

[Event "EU-chT Seniors 09th"]
[Site "Dresden"]
[Date "2007.02.20"]
[Round "5"]
[White "Csulits, Anton"]
[Black "Rahls, Peter"]
[Result "0-1"]
[WhiteElo "2256"]
[BlackElo "2338"]
[PlyCount "64"]
[EventDate "2007.02.16"]
[EventType "team-swiss"]
[EventRounds "9"]
[EventCountry "GER"]
[SourceTitle "CBM 117 Extra"]
[Source "ChessBase"]
[SourceDate "2007.05.09"]
[SourceVersion "1"]
[SourceVersionDate "2007.05.09"]
[SourceQuality "1"]

1. d4 c5 2. d5 e5 3. e4 d6 4. Bb5+ Bd7 5. Bxd7+ Nxd7 6. Nc3 Be7 7. Nf3 Ngf6 8. 0-0 0-0 9. Nd2 Ne8 10. a4 Bg5 11. Nc4 Bxc1 12. Rxc1 g6 13. Qe2 Qe7 14. Rce1 a6 15. a5 Ng7 16. Na4 Rae8 17. Nab6 Nxb6 18. axb6 f5 19. exf5 gxf5 20. f4 e4 21. g4 fxg4 22. Qxg4 Kh8 23. Kh1 Nf5 24. Ne3 Nxe3 25. Rxe3 Qf7 26. c4 Rg8 27. Qe2 Qf6 28. b3 Qf5 29. Re1 Qxf4 30. Rxe4 Rxe4 31. Qxe4 Qf2 32. Qe2 Rg1+ 0-1

[Event "EU-chT Seniors 09th"]
[Site "Dresden"]
[Date "2007.02.17"]
[Round "2"]
[White "Westerinen, Heikki MJ"]
[Black "Csulits, Anton"]
[Result "1/2-1/2"]
[WhiteElo "2402"]
[BlackElo "2256"]
[PlyCount "81"]
[EventDate "2007.02.16"]
[EventType "team-swiss"]
[EventRounds "9"]
[EventCountry "GER"]
[SourceTitle "CBM 117 Extra"]
[Source "ChessBase"]
[SourceDate "2007.05.09"]
[SourceVersion "1"]
[SourceVersionDate "2007.05.09"]
[SourceQuality "1"]

1. e4 g6 2. d4 Bg7 3. Nf3 c6 4. Bd3 d5 5. 0-0 dxe4 6. Bxe4 Nf6 7. Bd3 Bg4 8. Nbd2 0-0 9. h3 Bxf3 10. Nxf3 Nbd7 11. c4 Qc7 12. Re1 Rfe8 13. Bd2 e5 14. dxe5 Nxe5 15. Nxe5 Rxe5 16. Rxe5 Qxe5 17. Bc3 Qf4 18. g3 Qd6 19. Bf1 Qxd1 20. Rxd1 Ne4 21. Bxg7 Kxg7 22. Bg2 Nf6 23. b4 Re8 24. Kf1 Kf8 25. a4 Re6 26. Rd8+ Re8 27. Rxe8+ Kxe8 28. Ke2 Kd7 29. Kd3 b6 30. Kd4 Kd6 31. c5+ bxc5+ 32. bxc5+ Kc7 33. Bf1 Nd7 34. f4 f6 35. h4 Nf8 36. Bh3 a5 37. f5 Kd8 38. fxg6 hxg6 39. Bg4 Ke7 40. Bh3 Ne6+ 41. Bxe6 1/2-1/2